Top 500 Baby Girl Names of 2019-USA - Statistics

General Stats
  • This quiz has been taken 3,551 times
  • The average score is 257 of 500
Answer Stats
Rank Hint Answer % Correct
255 A Alivia
99%
1 O Olivia
99%
2 E Emma
96%
135 I Isabel
94%
117 I Isabelle
94%
426 E Emely
93%
224 A Ana
92%
63 A Anna
92%
3 A Ava
92%
12 E Emily
92%
5 I Isabella
92%
6 C Charlotte
90%
119 E Eliza
90%
13 E Ella
90%
485 E Eve
90%
17 S Sofia
90%
4 S Sophia
90%
7 A Amelia
89%
443 E Emelia
89%
42 E Emilia
89%
314 I Izabella
89%
14 E Elizabeth
88%
32 H Hannah
88%
126 M Mary
87%
8 M Mia
87%
163 S Sara
87%
81 S Sarah
87%
84 E Eva
86%
192 L Lilly
86%
34 L Lily
86%
24 C Chloe
85%
28 G Grace
85%
137 K Khloe
85%
106 M Maria
85%
10 E Evelyn
84%
25 V Victoria
83%
38 Z Zoe
83%
31 Z Zoey
83%
311 E Evelynn
82%
337 L Laura
82%
44 L Leah
82%
333 L Leia
82%
283 L Lia
82%
243 C Catherine
81%
121 K Katherine
81%
486 K Kathryn
81%
86 S Sophie
81%
11 A Abigail
80%
20 A Aria
80%
365 A Ariah
80%
349 A Ariyah
80%
92 A Arya
80%
435 M Maddison
80%
26 M Madison
80%
115 R Rose
80%
139 A Alexa
79%
363 A Allie
79%
203 A Amy
79%
9 H Harper
79%
99 J Julia
79%
202 L Lauren
79%
48 L Lucy
78%
22 P Penelope
78%
191 R Rachel
78%
35 E Ellie
77%
37 L Lillian
77%
130 A Alexandra
75%
73 A Alice
75%
331 J Jessica
75%
41 N Natalie
75%
29 N Nora
75%
144 N Norah
75%
80 S Samantha
75%
136 A Ashley
74%
61 C Caroline
74%
324 K Kate
74%
36 V Violet
74%
413 A Alison
73%
77 A Allison
73%
50 B Bella
73%
356 E Elle
73%
264 R Rebecca
73%
395 A Angel
72%
69 A Ariana
72%
116 A Arianna
72%
393 J Jennifer
72%
210 L Laila
72%
23 L Layla
72%
225 L Leila
72%
161 M Molly
72%
46 W Willow
72%
236 A Alexis
71%
476 A Averie
71%
18 A Avery
71%
368 M Madeleine
71%
97 M Madeline
71%
72 M Madelyn
71%
458 M Madelynn
71%
319 M Madilyn
71%
30 R Riley
71%
100 R Rylee
71%
138 R Ryleigh
71%
341 R Rylie
71%
405 A Amanda
70%
49 A Audrey
70%
16 L Luna
70%
47 A Addison
69%
55 C Claire
69%
277 J Jane
69%
459 K Katie
69%
64 M Maya
69%
339 M Melissa
69%
221 M Mya
69%
298 A Annie
68%
95 C Clara
68%
334 G Gabriela
68%
76 G Gabriella
68%
230 H Hope
68%
57 I Isla
68%
68 I Ivy
68%
19 M Mila
68%
228 N Nicole
68%
186 A Alaina
67%
219 A Alayna
67%
15 C Camila
67%
271 C Camilla
67%
279 E Elaina
67%
27 E Eleanor
67%
60 E Elena
67%
75 H Hailey
67%
235 K Kamila
67%
248 L Lola
67%
127 M Margaret
67%
213 O Olive
67%
66 R Ruby
67%
352 S Stephanie
67%
96 V Vivian
67%
122 A Aubree
66%
71 C Cora
66%
220 G Gracie
66%
453 H Haley
66%
479 H Holly
66%
473 K Kora
66%
359 V Veronica
66%
419 A Alicia
65%
45 A Aubrey
65%
147 B Brianna
65%
431 D Danielle
65%
343 G Gabrielle
65%
205 G Georgia
65%
412 G Gia
65%
104 J Jade
65%
239 M Millie
65%
482 A Amber
64%
484 E Erin
64%
125 F Faith
64%
429 H Helen
64%
124 K Kylie
64%
227 L Lila
64%
286 L Lilah
64%
120 L Lyla
64%
103 N Natalia
64%
39 S Stella
64%
256 A Angela
63%
52 B Brooklyn
63%
261 B Brooklynn
63%
132 C Charlie
63%
212 D Diana
63%
194 K Kimberly
63%
110 M Melanie
63%
378 S Scarlet
63%
21 S Scarlett
63%
269 V Vanessa
63%
288 A Angelina
62%
170 A Annabelle
62%
211 B Brooke
62%
284 C Charlee
62%
430 C Charleigh
62%
164 D Daisy
62%
131 J Jasmine
62%
301 V Vivienne
62%
171 A Alyssa
61%
142 A Andrea
61%
129 I Iris
61%
184 K Kayla
61%
217 D Daniela
60%
402 D Daniella
60%
167 E Esther
60%
89 J Josephine
60%
292 M Michelle
60%
54 S Savannah
60%
329 E Evie
59%
78 G Gianna
59%
33 H Hazel
59%
201 J June
59%
111 M Mackenzie
59%
338 M Makenzie
59%
237 M Mckenzie
59%
59 N Naomi
59%
320 N Nina
59%
149 V Valerie
59%
238 Z Zara
59%
209 A Ada
58%
270 J Juliet
58%
178 J Juliette
58%
94 L Lydia
58%
70 A Aaliyah
57%
82 A Autumn
57%
83 Q Quinn
57%
231 R Ruth
57%
87 S Sadie
57%
181 S Sienna
57%
134 T Taylor
57%
282 A Adaline
56%
160 A Adalyn
56%
123 A Adalynn
56%
91 A Adeline
56%
245 A Adelyn
56%
322 A Adelynn
56%
250 A Adriana
56%
493 A April
56%
207 E Elise
56%
43 E Everly
56%
438 F Frances
56%
175 J Juliana
56%
268 J Julianna
56%
299 A Alexandria
55%
172 A Ariel
55%
330 A Arielle
55%
40 A Aurora
55%
258 C Camille
55%
417 C Carolina
55%
377 E Everlee
55%
108 E Everleigh
55%
155 J Josie
55%
384 L Lana
55%
267 L Lena
55%
226 P Paige
55%
177 S Summer
55%
173 A Aliyah
54%
109 L Liliana
54%
316 L Lilliana
54%
455 M Mira
54%
362 P Paislee
54%
53 P Paisley
54%
232 A Alana
53%
247 E Elsie
53%
265 F Fiona
53%
272 K Kendall
53%
295 M Maggie
53%
118 M Melody
53%
418 S Skye
53%
252 V Vera
53%
88 D Delilah
52%
176 M Morgan
52%
291 P Phoebe
52%
158 B Bailey
51%
180 C Callie
51%
254 J Joanna
51%
407 J Jordan
51%
166 J Jordyn
51%
215 P Payton
51%
98 P Peyton
51%
274 C Cali
50%
241 K Kali
50%
159 L Lucia
50%
424 S Serena
50%
442 J Jenna
49%
67 K Kennedy
49%
233 S Selena
49%
56 S Skylar
49%
441 S Skyler
49%
62 E Eliana
48%
471 E Elianna
48%
146 E Elliana
48%
198 G Gemma
48%
346 J Joy
48%
296 L Lucille
48%
51 N Nova
48%
101 B Brielle
47%
145 E Eden
47%
273 H Harley
47%
249 | 469 J Jada
47%
114 K Kaylee
47%
495 P Poppy
47%
305 A Adelaide
46%
197 A Arabella
46%
433 E Esme
46%
491 F Francesca
46%
373 H Heidi
46%
478 H Helena
46%
336 L Lexi
46%
499 S Sierra
46%
196 S Sydney
46%
141 V Valeria
46%
400 C Camryn
45%
153 C Cecilia
45%
309 D Destiny
45%
275 E Evangeline
45%
474 K Kamryn
45%
498 N Nia
45%
85 P Piper
45%
208 R Rosalie
45%
151 E Eloise
44%
200 F Freya
44%
168 G Genevieve
44%
357 K Keira
44%
383 K Kira
44%
165 L London
44%
174 L Londyn
44%
415 N Nadia
44%
65 V Valentina
44%
354 W Willa
44%
427 C Carmen
43%
398 H Hallie
43%
488 K Kayleigh
43%
391 S Sabrina
43%
366 C Cassidy
42%
481 N Macie
42%
445 M Miranda
42%
90 N Nevaeh
42%
344 P Paris
42%
102 R Reagan
42%
216 A Ariella
41%
152 E Emerson
41%
148 E Emersyn
41%
361 F Felicity
41%
169 H Harmony
41%
347 M Maisie
41%
79 S Serenity
41%
156 A Alina
40%
452 B Bianca
40%
222 B Blake
40%
58 G Genesis
40%
335 G Gracelyn
40%
355 G Gracelynn
40%
382 J Jacqueline
40%
199 J Jocelyn
40%
386 O Ophelia
40%
143 P Parker
40%
260 T Tessa
40%
140 A Amara
39%
150 A Anastasia
39%
444 K Kaitlyn
39%
447 M Matilda
39%
289 M Mckenna
39%
223 N Noelle
39%
133 A Amaya
38%
105 A Athena
38%
439 E Elisa
38%
93 E Emery
38%
480 E Emory
38%
112 H Hadley
38%
470 K Kelsey
38%
162 A Ayla
37%
306 B Briella
37%
266 M Mariana
37%
214 R River
37%
317 H Harlow
36%
423 H Heaven
36%
463 K Kyla
36%
244 M Maeve
36%
304 M Margot
36%
370 G Gwendolyn
35%
294 H Hayden
35%
472 J Jimena
35%
195 J Juniper
35%
74 K Kinsley
35%
376 M Makenna
35%
157 R Reese
35%
280 S Sage
35%
128 X Ximena
35%
312 H Haven
34%
276 M Mariah
34%
446 M Marlee
34%
234 M Marley
34%
332 T Talia
34%
323 A Amina
33%
281 A Amira
33%
385 B Brinley
33%
187 B Brynlee
33%
432 D Daphne
33%
396 L Luciana
33%
263 M Makayla
33%
262 M Malia
33%
287 M Miriam
33%
204 P Presley
33%
218 R Raegan
33%
409 R Rosemary
33%
293 T Thea
33%
374 C Celeste
32%
193 E Ember
32%
408 M Maliyah
32%
399 R Ryan
32%
372 D Dahlia
31%
325 F Fatima
31%
321 L Logan
31%
440 M Mabel
31%
154 R Remi
31%
190 S Sloane
31%
179 T Trinity
31%
421 V Viviana
31%
475 A Ainsley
30%
257 D Dakota
30%
328 G Giselle
30%
394 K Kenzie
30%
107 L Leilani
30%
229 R Rowan
30%
185 T Teagan
30%
307 B Brynn
29%
451 H Hattie
29%
425 R Raven
29%
327 W Winter
29%
450 W Wynter
29%
182 B Blakely
28%
285 D Delaney
28%
489 E Emmy
28%
188 F Finley
28%
206 J Journee
28%
251 J Journey
28%
342 R Raelyn
28%
113 R Raelynn
28%
494 S Shelby
28%
500 C Cheyenne
27%
386 D Demi
27%
367 L Lyric
27%
318 A Alessandra
26%
246 S Sawyer
26%
457 A Annalise
25%
404 B Blair
25%
379 E Esmeralda
25%
369 M Miracle
25%
259 N Nyla
25%
364 N Nylah
25%
278 Z Zuri
25%
189 C Catalina
24%
348 O Oakley
24%
371 O Octavia
24%
310 A Amari
23%
253 A Aspen
23%
490 C Celine
23%
302 K Kiara
23%
454 L Lorelei
23%
326 S Samara
23%
437 D Dylan
22%
466 L Liana
22%
397 A Anaya
21%
315 K Kaia
21%
414 L Leighton
21%
313 P Phoenix
21%
428 W Wren
21%
183 A Alaia
20%
392 A Alaya
20%
351 A Alayah
20%
436 S Sarai
20%
465 A Avianna
19%
401 K Kinley
19%
380 M Maci
19%
420 R Regina
19%
390 B Bristol
18%
345 D Daleyza
18%
403 L Lilith
18%
300 M Myla
18%
358 T Tatum
18%
461 A Aylin
17%
410 C Cataleya
17%
496 C Colette
17%
449 J Jolene
17%
350 K Kailani
17%
468 K Kalani
17%
411 K Kaylani
17%
242 K Kehlani
17%
375 R Remington
17%
464 R Rory
17%
308 S Saylor
17%
297 A Amiyah
16%
290 A Aniyah
16%
497 M Meadow
16%
434 N Nayeli
16%
448 S Selah
16%
422 Y Yaretzi
16%
467 S Shiloh
15%
303 A Alani
13%
456 B Braelynn
13%
381 L Lainey
13%
388 L Lennon
13%
240 M Magnolia
13%
340 R Royalty
13%
353 A Amora
12%
416 S Sutton
12%
406 C Collins
11%
462 E Elliott
11%
389 R Reign
11%
483 Z Zariah
11%
492 F Fernanda
10%
360 M Milani
10%
460 P Palmer
9%
477 K Kensley
6%
487 R Renata
6%
No matching quizzes found
Score Distribution
Percent of People with Each Score
Percentile by Number Answered
Your Score History
You have not taken this quiz